Pingwiny z Madagaskaru- rozpoznaj odcinek po opisie - Statystyki

Ogólne statystyki
  • Ten quiz został rozwiązany 55 razy
  • Średni wynik to 20 z 25
Statystyki odpowiedzi
Hint Odpowiedź % Poprawnych
Pacyfistyczny koala, o imieniu Leonard, naoglądał się serialu o ninjach u pingwinów, przez co lunatykujac zachowuje się jak ninja. bezsenny ninja
93%
Prezenter telewizyjny- Chuck Charles zostaje zwolniony. Znajduje pracę jako przewodnik w zoo gdzie mieszkają pingwiny. Okazuje się jednak, że wie on o ich misjach oraz przypadkowo papla o tym innym. gdy Chucka brak
86%
Kowalski konstruuje hełm, pomagający mu wykonywać różne czynności za pomocą siły umysłu. Zazdrosny Julian postanawia mu go ukraść. Lecz przez swą niezbyt dużą wiedzę, staje się istnym zagrożeniem dla innych. hełm
86%
Pingwiny podczas walki z Hansem ranią, a przynajmniej tak twierdzą, pewną oposicę. Ta zadomawia się u nich w bazie i traktuje jak własne dzieci. matczyna miłość
86%
W czasie misji szeregowy zostaje ranny. Zajmuje się nim pewna pani weterynarz z którą jest mu bardzo przyjemnie. Tak bardzo że podczas każdej misji celowo robi sobie krzywdę by spędzić z nią chwilę. miłość boli
86%
Na bramie wejściowej w zoo pojawia się nieznany obiekt, który chcą zbadać pingwiny. Okazuje się że to gniazdo szerszeni, a jego lokatorzy nie są pokojowo nastawieni. To pierwszy odcinek gdzie pojawiają się szerszenie. operacja żądło
86%
Pierwszy odcinek serialu. W całym zoo jest "faza" na popcorn, w tym u zwierząt, lecz Alice zabrania odwiedzającym zoo rzucać popcorn do zwierząt. popcornowa panika
86%
Ekipa pingwinów, podczas swojej akcji, zostaje nakryta przez nastolatka . Wszystkie ich ruchy zanotował w notatniku. szkolna wycieczka
86%
Do wybiegu szympansów przywieziona zostaje nowa szympansica o imieniu Lulu. Edek bajecznie się w niej zakochuje, a Mason wraz z pingwinami starają się mu pomóc w tej miłości. zakochana małpa
86%
Drugi odcinek serialu. Maurice i Król Julian się pokłócili, gdy w ręce Maurice'a pojawia się aparat, Julian zamierza go zabrać. Robi mu jednak zdjęcie, w czasie szarpaniny, przed jego upadkiem i myśli że uwięził Maurice'a w aparacie. błyskawiczne zniknięcie
82%
Rico rozbija samochód i w pośpiechu postanawia go naprawić. Jednakże montuje w nim złą część, przez co auto zaczyna go ścigać dorwać kierowcę
82%
Pingwiny zrobiły sobie test DNA i wychodzi z niego że Skipper jest kobietą. Cała grupa w to nie dowierza, lecz potem stara się z tym jakoś żyć i pracować. Miss ja
82%
Marlenka organizuje wieczór gier dla wszystkich mieszkańców zoo. Jednakże sytuacja podczas wieczoru nie idzie jej po myśli. niebezpieczna gra
82%
Kowalski doznaje obrażeń podczas operacji i zostaje zamknięty sam w małym pokoiku. W międzyczasie odbywa się festyn naukowy, na który bardzo chciał pójść. ptak zamknięty ptak szalony
82%
Słoń Burt prosi pingwiny o pomoc w dostaniu się na drugi koniec Nowego Jorku. Pomagają mu, ale nie mają pojęcia jakie były jego cele i motywy. słoniowa pamięć
82%
W tajnym tunelu pingwinów dochodzi do usterki. Proszą zatem bobry o pomoc. W czasie gdy pracują przychodzą do nich Borsuczyce- Stacy i Becky. Przez obecność dziewczyn są zdekoncentrowani oraz nie pracują jak należy. tunel miłości
82%
Jeden z kilku odcinków 20- sto minutowych. Szeregowy przypadkowo rozbija wazon z muzeum. Duch uwięziony w nim wstępuje w jego zabawkę, jednorożca, i zamierza zniszczyć świat. operacja jednorożec apokalipsy
75%
Pingwiny mają przypadkowe spotkanie z kotem Maxem, ich znajomym. Dowiadujemy się, iż chcą go dorwać służby weterynaryjne. Osobą chcącą go złapać okazuje się Oficer X. Kici kici
71%
Do zoo przybywają nowi lokatorzy z pawilonu gadów. Marlenka wraz z Mortem przychodzą do nich w odwiedziny. Nowi mieszkańcy porywają Morta. Pingwiny dowiedziawszy się o tym założyły, iż nowi mieszkańcy są nieprzyjacielscy i rozpoczynają akcję ratunkową po Morta. niewidzialny wróg
71%
Załoga udaje się łodzią podwodną do zatopionego statku w którym są skrzynie pełne za marynowanych ryb. Rico jako jedyny nie zjadł ani jednej. Później okazuje się iż te ryby miały w sobie bakterię, przez którą cała trójka jest szalona i jeżeli zjedzą jakąkolwiek rybę zostaną tacy na zawsze. Rico jako jedyny trzeźwy w tej sytuacji, musi uratować cały oddział. nie wolno prześledzić
71%
Kowalski konstruuje małe robociki, które zasilają duże urządzenia elektroniczne, ułatwiając przy tym pracę pingwinów. Jednakże mają zainstalowany protokół o nie krzywdzeniu pingwinów, który staje się potem ich utrapieniem. tyci tyci
71%
W wielkim skrócie: pingwiny włamują się do duńskiego konsulatu, aby wykraść teczkę na temat Skippera. idealny dzień
68%
Pingwiny grają w grę strategiczną polegającej na przechwycenie flagi. Wtedy wpada do nich Julian i mówi że też chce zagrać. Skipper, niechętnie, ale pozwala mu w nią zagrać. O dziwo, lemury za każdym razem wygrywają co powoduje u Skippera szał. wszystko albo nic
68%
Szeregowy zostaje w bazie z małymi kaczkami, którymi obiecał się opiekować. Niespodziewanie na bazę pingwinów nalot robią szerszenie, a w dodatku szczury. wróg u bram
64%
Do zoo trafia nowy lemur- Clemson. Na początku robi wszystko aby spodobać się Królowi Julianowi, aczkolwiek okazuje się że ma niecne zamiary. prawa ręka
61%
Nie znaleziono quizów pasujących do podanych kryteriów
Rozkład punktacji
Procent ludzi z każdym wynikiem
Percentyl według liczby udzielonych odpowiedzi
Twoja historia wyników
Nie rozwiązałeś tego quizu